| 000 | 00387nam a2200133Ia 4500 | ||
|---|---|---|---|
| 008 | 231017s9999 xx 000 0 und d | ||
| 082 | _a625.8 | ||
| 082 | _bASP | ||
| 245 | 0 | _a"Asphalt pavement thickness design software for highways, airports, heavy wheel loads and other applications" | |
| 245 | 0 | _cAsphalt institute | |
| 260 | _bAsphalt institute | ||
| 300 | _c30cm | ||
| 942 | _cREP | ||
| 999 |
_c606329 _d606329 |
||